00340nam a2200121 a 450000500170000000800410001702000150005805000210007310000200009424500410011426000410015530000220019620140310183321.0060303s19uu xx 00 eng d a0804110743 aPZ 7b.H338 1992 aHartzmark, Gini aPrincipal defense /cGini Hartzmark. aNew York :bBallantine Books,c1992. a312 p. :c17 cm.